[Event "Muppets on tour 2nd practice"]
[Site "SchemingMind.com"]
[Date "2020.10.15"]
[Round "-"]
[White "Robert Bruce"]
[Black "Matthew Bailey"]
[Result "1/2-1/2"]
[WhiteCountry "SCO"]
[BlackCountry "ENG"]
[WhiteElo "2409"]
[WhiteRD "72"]
[BlackElo "2596"]
[BlackRD "70"]
[GameID "461060"]

1. d4 d5 2. Nf3 Nf6 3. e3 e6 4. Bd3 c5 5. b3 b6 6. O-O Nc6 7. Bb2 Bb7 8. Nbd2 Be7 9. a3 cxd4 10. exd4 Rc8
11. Ne5 O-O 12. Qe2 Bd6 13. b4 Ne7 14. b5 Ne4 15. a4 Nf5 16. Nxe4 dxe4 17. Bxe4 Bxe4 18. Qxe4 Bxe5 19. dxe5 Qd2 20. Rfd1 Qxc2
21. Qxc2 Rxc2 22. Ba3 Ra8 23. Rac1 Ra2 24. Rd3 h5 25. g3 Re2 26. Bd6 Kh7 27. Kg2 Kg6 28. h3 Re4 29. Ra3 h4 30. gxh4 Nxh4+
31. Kg1 Nf5 32. a5 Rd8 33. axb6 axb6 34. Rc6 Re1+ 35. Kg2 Rh8 36. Ra4 Rh5 37. Rg4+ Kh7 38. Rf4 g5 39. Rxf5 exf5 40. Rxb6 g4
41. hxg4 Rg5 42. Kf3 Rxg4 43. Rb7 Kg6 44. Rb6 Kg7 45. Rc6 Rb1 46. b6 Rb3+ 47. Ke2 Ra4 48. Kf1 Kg6 49. Bc7+ Kg5 50. e6 Rb1+
51. Kg2 Rg4+ 52. Kh2 fxe6 53. Rxe6 Rb2 54. Kh3 Rb1 55. Kh2 Re4 56. f4+ Kg4 57. Rg6+ Kf3 58. Rg3+ Ke2 59. Rg1 Rxg1 60. Kxg1 Rb4=
1/2-1/2

[Event "Muppets on tour 2nd practice"]
[Site "SchemingMind.com"]
[Date "2020.10.15"]
[Round "-"]
[White "Matthew Bailey"]
[Black "Robert Bruce"]
[Result "1-0"]
[WhiteCountry "ENG"]
[BlackCountry "SCO"]
[WhiteElo "2596"]
[WhiteRD "70"]
[BlackElo "2409"]
[BlackRD "72"]
[GameID "461061"]

1. e4 c5 2. Nc3 e6 3. Nf3 a6 4. d4 cxd4 5. Nxd4 Qc7 6. Bd3 b5 7. O-O Bb7 8. Re1 Nf6 9. e5 Nd5 10. Nxd5 Bxd5
11. a4 b4 12. h4 h5 13. Be4 Bxe4 14. Rxe4 Nc6 15. Qe2 Ne7 16. Bg5 Nd5 17. Rd1 g6 18. Bf6 Nxf6 19. exf6 Bc5 20. Nf3 Rc8
21. Qd2 d6 22. Re2 Qc6 23. Ng5 Rc7 24. Qd3 Kd8 25. c3 b3 26. Ne4 d5 27. c4 d4 28. Qxb3 Kc8 29. Ng5 Rb7 30. Qc2 Rd8
31. Nf3 Rb4 32. b3 Qb6 33. Rd3 Qc6 34. Re1 Rb6 35. Qe2 Qc7 36. g3 Qb7 37. Rb1 a5 38. Qe1 Qa6 39. Qe5 Rc6 40. Rxd4 Bxd4
41. Nxd4 Rc7 42. Nb5 Rc6 43. Qc3 Kb8 44. b4 Ka8 45. Qf3 Qb7 46. bxa5 Rd7 47. c5 Rd5 48. Nc3 Rf5 49. Qd3 Qa6 50. Nb5 Qc8
51. Nd6 Rd5 52. Qxd5 exd5 53. Nxc8 Rxc8 54. a6 d4 55. Rb7 d3 56. Rd7 Rc6 57. Rxd3 Rxf6 58. Rd6 Rf3 59. Kg2
1-0

[Event "Muppets on tour 2nd practice"]
[Site "SchemingMind.com"]
[Date "2020.10.15"]
[Round "-"]
[White "Robert Bruce"]
[Black "William Lindberg"]
[Result "0-1"]
[WhiteCountry "SCO"]
[BlackCountry "USA"]
[WhiteElo "2409"]
[WhiteRD "72"]
[BlackElo "2454"]
[BlackRD "66"]
[GameID "461062"]

1. d4 Nf6 2. c4 e6 3. g3 Bb4+ 4. Bd2 Be7 5. Bg2 O-O 6. Nf3 d5 7. O-O Nbd7 8. Qc2 c6 9. Bf4 h6 10. Rd1 b6
11. Nbd2 Nh5 12. Be5 Bb7 13. e4 Rc8 14. Rac1 Nhf6 15. Bxf6 Nxf6 16. c5 bxc5 17. dxc5 a5 18. a3 Re8 19. exd5 exd5 20. b4 Bf8
21. Nb3 axb4 22. axb4 h5 23. Re1 g6 24. Rxe8 Qxe8 25. Re1 Qd8 26. Nbd4 Ra8 27. Bf1 Ne4 28. Bd3 f5 29. Qb3 Qe7 30. Bc2 Bg7
31. h4 Bf6 32. Qe3 Qc7 33. Rb1 Qf7 34. Kg2 Re8 35. Qh6 Bg7 36. Qf4 Bxd4 37. Nxd4 Qg7 38. Rd1 Kh7 39. b5 cxb5 40. c6 Ba8
41. Bxe4 fxe4 42. Nf5 gxf5 43. Qxf5+ Qg6 44. Qd7+ Kg8 45. c7 Qc6 46. Qd8 Qe6 47. Ra1 Bb7 48. Ra5 e3 49. Rxb5 Bc8 50. Qg5+ Kf8
51. fxe3 Qg4 52. Qf4+ Kg8 53. Qxg4+ Bxg4 54. Rxd5 Kf7 55. e4 Rc8 56. Rc5 Ke7 57. Kf2 Kd6 58. Ra5 Rxc7 59. Ke3 Rc3+ 60. Kf4 Rf3+
61. Kg5 Rxg3 62. e5+ Ke6 63. Kf4 Rf3+ 64. Ke4 Rh3 65. Ra6+ Kd7 66. Ra7+ Kc6 67. Kf4 Rxh4 68. Ra3 Rh1 69. Kg5 Kd5 70. Ra5+ Ke6
71. Rc5 Bd1 72. Rc7 Kxe5 73. Re7+ Kd5 74. Kf4 Rf1+ 75. Kg5 Kd4 76. Kh4 Rg1 77. Kh3 Bf3
0-1

[Event "Muppets on tour 2nd practice"]
[Site "SchemingMind.com"]
[Date "2020.10.15"]
[Round "-"]
[White "William Lindberg"]
[Black "Robert Bruce"]
[Result "1-0"]
[WhiteCountry "USA"]
[BlackCountry "SCO"]
[WhiteElo "2454"]
[WhiteRD "66"]
[BlackElo "2409"]
[BlackRD "72"]
[GameID "461063"]

1. e4 c5 2. Nf3 Nf6 3. e5 Nd5 4. Nc3 Nb4 5. d4 cxd4 6. Nxd4 d5 7. exd6 Qxd6 8. Ncb5 Qe5+ 9. Be3 N8a6 10. Nc3 Nc7
11. Qd2 e6 12. O-O-O Be7 13. f4 Qd6 14. a3 Nbd5 15. Bb5+ Kf8 16. Bc4 Nxe3 17. Qxe3 Qc5 18. Bb3 h5 19. Rd3 Bd7 20. Rhd1 Na6
21. Kb1 Re8 22. Ne4 Qb6 23. Nd2 Qc7 24. Rc3 Bc6 25. Ba4 Nb8 26. Bxc6 bxc6 27. Nc4 Bf6 28. Ne5 Bxe5 29. fxe5 Rh6 30. Nb5 Qb6
31. Nxa7 Qxe3 32. Rxe3 Rg6 33. g3 c5 34. Rc3 f5 35. Rxc5 h4 36. Nb5 hxg3 37. hxg3 Rxg3 38. Nc7 Re7 39. Rd8+ Kf7 40. Rxb8 Re3
41. a4 f4 42. Ka2 f3 43. Nb5 g6 44. Nd6+ Kg7 45. Rc4 f2 46. Rf4 Ra7 47. b3 Rxe5 48. Rxf2 g5 49. c4 Kg6 50. Rg8+ Kh7
51. Rff8 Kh6 52. Nf7+ Rxf7 53. Rxf7 Kh5 54. Ka3 Kg4 55. Kb4 Re2 56. a5 Ra2 57. c5 e5 58. c6 Rc2 59. c7 e4 60. a6 e3
61. a7 e2 62. Re8 e1=Q+ 63. Rxe1 Rc6 64. a8=Q Rb6+ 65. Kc4 Rb7 66. Qxb7 Kh5 67. Qh1+ Kg6 68. Qh7#
1-0

[Event "Muppets on tour 2nd practice"]
[Site "SchemingMind.com"]
[Date "2020.10.12"]
[Round "-"]
[White "William Lindberg"]
[Black "Matthew Bailey"]
[Result "0-1"]
[WhiteCountry "USA"]
[BlackCountry "ENG"]
[WhiteElo "2416"]
[WhiteRD "66"]
[BlackElo "2588"]
[BlackRD "67"]
[GameID "461064"]

1. e4 c6 2. d4 d5 3. Nd2 dxe4 4. Nxe4 Bf5 5. Ng3 Bg6 6. Nf3 Nf6 7. Bd3 e6 8. O-O Be7 9. Bxg6 hxg6 10. Qe2 O-O
11. Ne4 Nxe4 12. Qxe4 Nd7 13. c4 Re8 14. h3 c5 15. Be3 Qc7 16. b3 cxd4 17. Bxd4 Bd6 18. Bb2 e5 19. Ng5 Nf6 20. Qc2 Re7
21. Rad1 Rae8 22. Ne4 Nxe4 23. Qxe4 f5 24. Qh4 e4 25. Qg5 Kf7 26. Qe3 Bf4 27. Qd4 Kg8 28. Ba3 Re6 29. Qd7 Qb8 30. Rfe1 a6
31. Kh1 b5 32. c5 R6e7 33. Qd5+ Kh7 34. Rf1 Qc8 35. b4 Bb8 36. Bc1 f4 37. Rd4 Qf5 38. Kg1 Qf6 39. a3 Bc7 40. Rdd1 Qh4
41. Qa2 Rf8 42. f3 e3 43. Qe2 Be5 44. Kh1 Rfe8 45. Rg1 Bc3 46. Rgf1 a5 47. bxa5 Qg5 48. Rg1 Qxc5 49. Bb2 Bxa5 50. Rc1 Qf5
51. Bd4 Rc7 52. Rxc7 Bxc7 53. Bc3 Bd8 54. g4 fxg3 55. Rxg3 Bg5 56. Rg2 Rc8 57. Bd4 Qxh3+ 58. Kg1 Rc1+ 59. Qf1 Rxf1+ 60. Kxf1 Qxf3+
61. Kg1 Qd1+ 62. Kh2 Bf4+ 63. Rg3 Qe1
0-1

[Event "Muppets on tour 2nd practice"]
[Site "SchemingMind.com"]
[Date "2020.10.13"]
[Round "-"]
[White "Matthew Bailey"]
[Black "William Lindberg"]
[Result "1-0"]
[WhiteCountry "ENG"]
[BlackCountry "USA"]
[WhiteElo "2596"]
[WhiteRD "70"]
[BlackElo "2454"]
[BlackRD "66"]
[GameID "461065"]

1. e4 e5 2. Nf3 Nc6 3. Bb5 Nf6 4. O-O Nxe4 5. d4 Be7 6. Qe2 Nd6 7. Bxc6 bxc6 8. dxe5 Nf5 9. Qe4 g6 10. c4 Bb7
11. Nc3 O-O 12. Rd1 Rb8 13. b3 Re8 14. h3 d6 15. c5 d5 16. Qa4 Qc8 17. Ba3 Bf8 18. Re1 Ra8 19. Ne2 a5 20. Nf4 Bh6
21. Bc1 Ba6 22. g4 Bb5 23. Qa3 Ng7 24. Nxd5 cxd5 25. Bxh6 Ne6 26. Rad1 Qd7 27. Qb2 Qe7 28. Qc3 Ra6 29. Rxd5 Bc6 30. Rd2 Rd8
31. Red1 Re8 32. Nd4 Nxd4 33. Qxd4 Raa8 34. e6 fxe6 35. Qe5 Rab8 36. Rd4 Rb5 37. Rc4 Rb7 38. h4 Rbb8 39. Rf4 Rb5 40. Rc1 Rbb8
41. h5 Rbd8 42. Bg5 Rd5 43. Qxd5 Bxd5 44. Bxe7 Rxe7 45. h6 c6 46. Rd1 Re8 47. Ra4 g5 48. Rxa5 Kf7 49. Ra7+ Kg6 50. b4 Kxh6
51. Rxd5 exd5 52. Ra6 Kg7 53. Rxc6 Rb8 54. a3 Kf7 55. Rd6 Ra8 56. c6 Ke7 57. Rxd5 Rxa3 58. b5 Ke6 59. Rxg5 Kd6 60. Rg7 Ra1+
61. Kg2 Ra8 62. Rxh7 Rg8 63. Kg3 Ra8 64. Rd7+ Kc5 65. Rb7 Ra3+ 66. Kg2 Rc3 67. c7 Kd6 68. b6 Rc6 69. Rb8 Rxc7 70. bxc7 Kxc7
71. Re8 Kd7 72. Re1 Kd6 73. g5
1-0

[Event "Muppets on tour 2nd practice"]
[Site "SchemingMind.com"]
[Date "2020.10.15"]
[Round "-"]
[White "Uzi Mike"]
[Black "Robert Bruce"]
[Result "1/2-1/2"]
[WhiteCountry "USA"]
[BlackCountry "SCO"]
[WhiteElo "2430"]
[WhiteRD "71"]
[BlackElo "2463"]
[BlackRD "71"]
[GameID "461082"]

1. e4 Nf6 2. e5 Nd5 3. d4 d6 4. Nf3 dxe5 5. Nxe5 g6 6. c4 Nb6 7. c5 N6d7 8. f4 Bg7 9. Be3 b6 10. Qf3 c6
11. cxb6 Qxb6 12. Nd2 Qxb2 13. Rb1 Qa3 14. Bc4 O-O 15. O-O Nxe5 16. dxe5 Ba6 17. Rfc1 Rd8 18. Bb3 e6 19. Rc3 Qa5 20. Rc5 Qa3
21. Rc3 Qa5 22. Rbc1 Rd3 23. Rxd3 Bxd3 24. Bf2 Qa6 25. Nc4 Bxc4 26. Rxc4 Qb7 27. Qc3 a5 28. Qc1 Na6 29. Rxc6 Nb4 30. Rc7 Qb8
31. Ba7 Qe8 32. a3 a4 33. Bc4 Qd8 34. Bb6 Nd5 35. Bxd5 Qxd5 36. Bc5 Bf8 37. h3 Bxc5+ 38. Rxc5 Qd4+ 39. Kh2 Rd8 40. Rc4 Qf2
41. Qg1 Qa2 42. Rxa4 Rd2 43. Rd4 Rf2 44. Re4 h6 45. Kg3 Rd2 46. Re3 h5 47. h4 Qc2 48. Qf1 Rd1 49. Qf3 Kg7 50. Re2 Qb1
51. Qe4=
1/2-1/2

[Event "Muppets on tour 2nd practice"]
[Site "SchemingMind.com"]
[Date "2020.10.15"]
[Round "-"]
[White "Robert Bruce"]
[Black "Uzi Mike"]
[Result "1-0"]
[WhiteCountry "SCO"]
[BlackCountry "USA"]
[WhiteElo "2463"]
[WhiteRD "71"]
[BlackElo "2430"]
[BlackRD "71"]
[GameID "461083"]

1. d4 Nf6 2. c4 e6 3. g3 d5 4. Nf3 c5 5. Bg2 cxd4 6. O-O Bc5 7. Nxd4 O-O 8. cxd5 Nxd5 9. Qd2 Nc6 10. Nxc6 bxc6
11. Qc2 Qb6 12. Na3 Nb4 13. Qe4 f5 14. Qh4 Ba6 15. Nc4 Qb7 16. b3 Nc2 17. Rb1 Nd4 18. Rb2 e5 19. e3 Ne6 20. Nxe5 Bxf1
21. Kxf1 Rad8 22. Rc2 Qb5+ 23. Qc4 Qxc4+ 24. Rxc4 Rfe8 25. Bxc6 Re7 26. Bb2 Rc7 27. Bc3 Kf8 28. Bg2 Bd6 29. Nc6 Re8 30. Bd5 g6
31. a4 a6 32. b4 Rd7 33. Kg2 Bc7 34. Bf3 Bd6 35. h4 Rc7 36. b5 axb5 37. axb5 Rb7 38. Nd4 Rbb8 39. Bc6 Re7 40. Nxe6+ Rxe6
41. Bd4 Ke7 42. Ra4 Be5 43. Ra7+ Kf6 44. Rxh7 Bxd4 45. exd4 Re2 46. d5 Rd2 47. Kf3 Rd3+ 48. Ke2 Rd4 49. Ke3 Re4+ 50. Kd3 Re1
51. Kd4 Re2 52. f4 Re1 53. Kc5 Rc1+ 54. Kd6
1-0

[Event "Muppets on tour 2nd practice"]
[Site "SchemingMind.com"]
[Date "2020.10.14"]
[Round "-"]
[White "Uzi Mike"]
[Black "William Lindberg"]
[Result "0-1"]
[WhiteCountry "USA"]
[BlackCountry "USA"]
[WhiteElo "2345"]
[WhiteRD "73"]
[BlackElo "2471"]
[BlackRD "68"]
[GameID "461084"]

1. d4 d5 2. c4 e6 3. Nc3 Nf6 4. Bg5 Be7 5. e3 O-O 6. Nf3 b6 7. Bd3 Bb7 8. Bxf6 Bxf6 9. cxd5 exd5 10. O-O g6
11. Rc1 c6 12. a3 Na6 13. b4 Nc7 14. Qb3 Ne6 15. Rfd1 Re8 16. Be2 Qe7 17. Rb1 h5 18. Bd3 Rac8 19. Rdc1 Kg7 20. Ne2 Ba8
21. Qa2 c5 22. bxc5 bxc5 23. Bb5 Rh8 24. dxc5 Nxc5 25. Ned4 Ne4 26. Qb3 Rxc1+ 27. Rxc1 Rb8 28. Qa2 Qd8 29. a4 Bb7 30. Qb2 Qd6
31. Qb3 a6 32. Bd3 Bc8 33. Qd1 Nc5 34. h3 Bd7 35. a5 Rb2 36. Bc2 Bb5 37. Rb1 Rxb1 38. Qxb1 Bc4 39. Qa1 Ne6 40. Qc3 h4
41. Bd1 Nxd4 42. Nxd4 Kg8 43. Bc2 Qc5 44. Ba4 Qe7 45. Bc2 Be5 46. Ba4 Qc5 47. Kh1 Qf8 48. Bc2 Bc7 49. Nf3 Qd6 50. Ba4 Be2
51. Qc6 Qxc6 52. Bxc6 Bxa5 53. Bxd5 Bc3 54. Ng5 Kf8 55. Ne4 Bb4 56. Ng5 a5 57. Nxf7= Ke7 58. Ng5 a4 59. Ba2 Kd6 60. Kg1 Bd1
61. Bb1 Bb3 62. Bxg6 a3 63. Bb1 Kd5
0-1

[Event "Muppets on tour 2nd practice"]
[Site "SchemingMind.com"]
[Date "2020.10.13"]
[Round "-"]
[White "William Lindberg"]
[Black "Uzi Mike"]
[Result "1-0"]
[WhiteCountry "USA"]
[BlackCountry "USA"]
[WhiteElo "2454"]
[WhiteRD "66"]
[BlackElo "2366"]
[BlackRD "75"]
[GameID "461085"]

1. e4 e5 2. Nf3 Nc6 3. Bb5 a6 4. Ba4 Nf6 5. O-O Be7 6. Bxc6 dxc6 7. d3 Bg4 8. Be3 Qd6 9. Nbd2 Nd7 10. h3 Bh5
11. Re1 O-O 12. Nf1 Qf6 13. g4 Bg6 14. Ng3 Bc5 15. Bd2 Qe6 16. Nh4 Rfd8 17. Qf3 Nf8 18. Nhf5 Nd7 19. h4 Bxf5 20. exf5 Qe7
21. g5 f6 22. Qg4 Kh8 23. Re2 a5 24. Kh1 a4 25. Rg1 Re8 26. Ne4 Bd4 27. c3 Bb6 28. g6 a3 29. b3 hxg6 30. Ng3 g5
31. hxg5 Kg8 32. Qh3 Qf7 33. Ne4 Ba5 34. gxf6 Nxf6 35. b4 Kf8 36. Nxf6 Qxf6 37. Qh8+ Kf7 38. Qh5+ Kg8 39. Rg6 Rf8 40. Rxf6
1-0

[Event "Muppets on tour 2nd practice"]
[Site "SchemingMind.com"]
[Date "2020.10.13"]
[Round "-"]
[White "Uzi Mike"]
[Black "Matthew Bailey"]
[Result "0-1"]
[WhiteCountry "USA"]
[BlackCountry "ENG"]
[WhiteElo "2345"]
[WhiteRD "73"]
[BlackElo "2598"]
[BlackRD "68"]
[GameID "461086"]

1. e4 c6 2. d4 d5 3. e5 c5 4. dxc5 e6 5. Qg4 h5 6. Qf4 Bxc5 7. Bd3 f6 8. exf6 gxf6 9. Nc3 Nc6 10. Nge2 e5
11. Qg3 Kf8 12. Qh4 Be7 13. O-O f5 14. Qh3 d4 15. Nd1 f4 16. Bf5 Nf6 17. a3 Bxf5 18. Qxf5 Qc8 19. Qd3 e4 20. Qc4 f3
21. Nf4 Rg8 22. g3 Bd6 23. Qe6 Qxe6 24. Nxe6+ Kf7 25. Ng5+ Kg6 26. h4 Rge8 27. c3 d3 28. b3 Ne5 29. Bd2 Rac8 30. Ra2 Bc5
31. Kh1 a5 32. a4 Neg4 33. Nh3 Nd5 34. c4 Nb4 35. Ra1 Nc2 36. Nf4+ Kf5 37. Ra2 Rg8 38. Be1 Nxe1 39. Rxe1 Rcd8 40. Nd5 Rxd5
41. cxd5 Bb4
0-1

[Event "Muppets on tour 2nd practice"]
[Site "SchemingMind.com"]
[Date "2020.10.14"]
[Round "-"]
[White "Matthew Bailey"]
[Black "Uzi Mike"]
[Result "1-0"]
[WhiteCountry "ENG"]
[BlackCountry "USA"]
[WhiteElo "2598"]
[WhiteRD "68"]
[BlackElo "2345"]
[BlackRD "73"]
[GameID "461087"]

1. e4 c5 2. Nc3 Nc6 3. Nf3 e5 4. Bc4 Be7 5. d3 d6 6. a4 Nf6 7. Bg5 O-O 8. Bxf6 Bxf6 9. Nd5 Be6 10. Qd2 Bxd5
11. Bxd5 Ne7 12. Bb3 Ng6 13. g3 Qd7 14. h4 Ne7 15. Qe2 Nc6 16. c3 Rab8 17. Nh2 Bd8 18. Qg4 Qc7 19. Bc4 a6 20. Nf1 b5
21. axb5 axb5 22. Bd5 Ne7 23. Ne3 c4 24. Rd1 Nxd5 25. Nxd5 Qc6 26. Qf3 Qd7 27. O-O f5 28. dxc4 bxc4 29. exf5 Rxf5 30. Qe2 Rc8
31. Rd2 Rf7 32. Ra1 Qc6 33. Qg4 Qd7 34. Qd1 Qe6 35. Ra4 Rb7 36. Qe2 g5 37. h5 Kg7 38. Rxc4 Rxc4 39. Qxc4 Rc7 40. Qe4 Rf7
41. b4 Bc7 42. Kg2 Qc8 43. c4 Kg8 44. b5 Bb8 45. Ra2 Qd8 46. Ra8
1-0

[Event "Muppets on tour 2nd practice"]
[Site "SchemingMind.com"]
[Date "2020.10.13"]
[Round "-"]
[White "Uzi Mike"]
[Black "Randy Bahr"]
[Result "1-0"]
[WhiteCountry "USA"]
[BlackCountry "USA"]
[WhiteElo "2339"]
[WhiteRD "81"]
[BlackElo "1801"]
[BlackRD "72"]
[GameID "461089"]

1. e4 c6 2. d4 d5 3. e5 Bf5 4. Nf3 e6 5. Be2 Ne7 6. O-O h6 7. a4 a5 8. Na3 Ng6 9. Ne1 Bxa3 10. Rxa3 Ne7
11. Rg3 Bg6 12. b3 Nd7 13. Ba3 O-O 14. Bxe7 Qxe7 15. Bd3 Bxd3 16. Nxd3 f5 17. Qh5 Kh8 18. Nf4 Kh7 19. Qg6+ Kh8 20. Nxe6 Rf7
21. Ng5
1-0

[Event "Muppets on tour 2nd practice"]
[Site "SchemingMind.com"]
[Date "2020.10.13"]
[Round "-"]
[White "Randy Bahr"]
[Black "Uzi Mike"]
[Result "0-1"]
[WhiteCountry "USA"]
[BlackCountry "USA"]
[WhiteElo "1801"]
[WhiteRD "72"]
[BlackElo "2339"]
[BlackRD "81"]
[GameID "461090"]

1. e4 c5 2. Nf3 d6 3. d4 cxd4 4. Qxd4 Nc6 5. Qe3 Nf6 6. Be2 e6 7. O-O Be7 8. Rd1 Bd7 9. h3 O-O 10. Bd2 d5
11. e5 Ne4 12. Nc3 Bc5 13. Qf4 Bxf2+ 14. Kf1 f5 15. Be3 Bg3
0-1

[Event "Muppets on tour 2nd practice"]
[Site "SchemingMind.com"]
[Date "2020.10.15"]
[Round "-"]
[White "Robert Bruce"]
[Black "Randy Bahr"]
[Result "1-0"]
[WhiteCountry "SCO"]
[BlackCountry "USA"]
[WhiteElo "2419"]
[WhiteRD "72"]
[BlackElo "1801"]
[BlackRD "72"]
[GameID "461091"]

1. d4 Nf6 2. c4 c5 3. d5 b5 4. Nf3 g6 5. cxb5 a6 6. b3 Qa5+ 7. Nfd2 axb5 8. Bb2 b4 9. Nc4 Qd8 10. e4 d6
11. g3 Bg7 12. a4 O-O 13. Bg2 Nbd7 14. Nbd2 Nb6 15. h4 Nxc4 16. Nxc4 Ba6 17. Qc2 Nd7 18. Bxg7 Kxg7 19. O-O Ne5 20. Nxe5 dxe5
21. Rfc1 Rc8 22. a5 Qd6 23. Bf1 Bxf1 24. Kxf1 Qa6+ 25. Qc4 Qd6 26. Kg2 Rc7 27. Ra4 Ra8 28. a6 Qb6 29. Rca1 Rca7 30. Ra5 Rc8
31. Rb5 Qd6 32. Rxb4 Rca8 33. Rba4 Qb6 34. Ra5 Rc8 35. Rb5 Qd6 36. b4 Rxa6 37. Rxa6 Qxa6 38. bxc5 Rb8 39. Rb4 Qxc4 40. Rxc4 Kf8
41. g4 f6 42. g5 Kf7 43. Kg3 Rc8 44. gxf6 Kxf6 45. c6 Rc7 46. Rc3
1-0

[Event "Muppets on tour 2nd practice"]
[Site "SchemingMind.com"]
[Date "2020.10.15"]
[Round "-"]
[White "Randy Bahr"]
[Black "Robert Bruce"]
[Result "0-1"]
[WhiteCountry "USA"]
[BlackCountry "SCO"]
[WhiteElo "1801"]
[WhiteRD "72"]
[BlackElo "2419"]
[BlackRD "72"]
[GameID "461092"]

1. e4 Nf6 2. e5 Nd5 3. d4 d6 4. Nf3 dxe5 5. Nxe5 c6 6. Be2 Bf5 7. Be3 Nd7 8. Nf3 Nxe3 9. fxe3 e5 10. O-O Bg6
11. c3 e4 12. Ne5 Nxe5 13. dxe5 Qb6 14. Bc4 Qxb2 15. Qb3 Qxb3 16. axb3 Bc5 17. Re1 Bb6 18. Na3 O-O-O 19. Nc2 Rhe8 20. Rf1 Rf8
21. g4 Rfe8 22. Nd4 Rxe5 23. Bxf7 c5 24. Bxg6 hxg6 25. Nb5 a6 26. Na3 Red5 27. Nc4 Bc7 28. h3 Rd3 29. Rac1 b5 30. Nb2 Rxe3
31. Rfe1 Rg3+ 32. Kf2 Rd2+ 33. Re2 e3+ 34. Kf1 Rf3+ 35. Ke1 Bg3+ 36. Rf2 Rfxf2
0-1

[Event "Muppets on tour 2nd practice"]
[Site "SchemingMind.com"]
[Date "2020.10.12"]
[Round "-"]
[White "William Lindberg"]
[Black "Randy Bahr"]
[Result "1-0"]
[WhiteCountry "USA"]
[BlackCountry "USA"]
[WhiteElo "2437"]
[WhiteRD "63"]
[BlackElo "1798"]
[BlackRD "72"]
[GameID "461093"]

1. d4 Nf6 2. c4 g6 3. Nc3 d5 4. cxd5 Nxd5 5. e4 Nxc3 6. bxc3 Bg7 7. Be3 c5 8. Qd2 Qa5 9. Rc1 Nd7 10. Nf3 Nf6
11. Bd3 O-O 12. O-O Bd7 13. Qb2 Ng4 14. Bg5 cxd4 15. cxd4 f6 16. Qxb7 Rfd8 17. Bf4 Qb6 18. Bc4+ Kh8 19. Bd5 e5 20. Qxb6 axb6
21. Bxa8 Rxa8 22. Rc7 Ba4 23. Rfc1 h6 24. h3 Nxf2 25. Kxf2 exf4 26. Rc8+ Rxc8 27. Rxc8+ Kh7 28. d5 Bc2 29. Rxc2
1-0

[Event "Muppets on tour 2nd practice"]
[Site "SchemingMind.com"]
[Date "2020.10.13"]
[Round "-"]
[White "Randy Bahr"]
[Black "William Lindberg"]
[Result "0-1"]
[WhiteCountry "USA"]
[BlackCountry "USA"]
[WhiteElo "1801"]
[WhiteRD "72"]
[BlackElo "2416"]
[BlackRD "66"]
[GameID "461094"]

1. e4 c5 2. Nf3 e6 3. d4 cxd4 4. Nxd4 Nc6 5. Nc3 Nf6 6. Ndb5 Bb4 7. a3 Bxc3+ 8. Nxc3 d5 9. exd5 Nxd5 10. Nxd5 exd5
11. Bd3 Qe7+ 12. Qe2 Qxe2+ 13. Bxe2 O-O 14. Be3 d4 15. Bf4 Bf5 16. O-O-O Rfe8 17. Bd3 Bxd3 18. Rxd3 f6 19. Kd2 Rad8 20. Re1 Rxe1
21. Kxe1 g5 22. Bg3 Kf7 23. f3 Ke6 24. Kd2 h5 25. h3 Ne5 26. Bxe5 fxe5 27. c3 Rd5 28. Ke2 h4 29. Kd2 Kf5 30. Ke2 Kf4
31. c4 Rc5 32. b3 b5 33. cxb5 Rxb5 34. b4 Kg3 35. Kf1 Rb6 36. Rb3 Rc6 37. Rb2 Rc1+ 38. Ke2 Kxg2 39. Kd3+ Kxh3
0-1

[Event "Muppets on tour 2nd practice"]
[Site "SchemingMind.com"]
[Date "2020.10.12"]
[Round "-"]
[White "Matthew Bailey"]
[Black "Randy Bahr"]
[Result "1-0"]
[WhiteCountry "ENG"]
[BlackCountry "USA"]
[WhiteElo "2580"]
[WhiteRD "61"]
[BlackElo "1798"]
[BlackRD "72"]
[GameID "461095"]

1. e4 g6 2. d4 Bg7 3. Nf3 d6 4. Be3 Nf6 5. Nc3 O-O 6. Qd2 Nbd7 7. h3 c5 8. Bh6 Qb6 9. Bxg7 Kxg7 10. O-O-O cxd4
11. Nxd4 Nc5 12. f3 Bd7 13. g4 Rac8 14. h4 h6 15. Bh3 e5 16. g5 Ng8 17. Bxd7 Nxd7 18. Ndb5 Rfd8 19. Nxd6 Nc5 20. Nxc8 Rxc8
21. h5 Ne6 22. hxg6 Nxg5 23. gxf7 Nxf7 24. Rhg1+ Kh7 25. Qd7 Qc7 26. Qg4
1-0

[Event "Muppets on tour 2nd practice"]
[Site "SchemingMind.com"]
[Date "2020.10.12"]
[Round "-"]
[White "Randy Bahr"]
[Black "Matthew Bailey"]
[Result "0-1"]
[WhiteCountry "USA"]
[BlackCountry "ENG"]
[WhiteElo "1798"]
[WhiteRD "72"]
[BlackElo "2580"]
[BlackRD "61"]
[GameID "461096"]

1. e4 c6 2. d4 d5 3. Nc3 dxe4 4. Nxe4 Bf5 5. Ng3 Bg6 6. h4 h6 7. Nf3 Nd7 8. h5 Bh7 9. Bd3 Bxd3 10. Qxd3 e6
11. Bf4 Qa5+ 12. Bd2 Bb4 13. c3 Be7 14. Ne4 Ngf6 15. Nxf6+ Nxf6 16. Ne5 O-O 17. Qg3 Ne4 18. Qe3 Nxd2 19. Qxd2 c5 20. O-O cxd4
21. Qxd4 Bf6 22. f4 Rad8 23. Qe4 Qb6+ 24. Rf2 Bh4 25. Qe2 Qxf2+ 26. Qxf2 Bxf2+ 27. Kxf2 Rd2+ 28. Kf3 Rfd8 29. Rb1 f6 30. Nc4 R8d3+
31. Ne3 f5 32. g3 b6 33. a3 Kh8
0-1

[Event "Muppets on tour 2nd practice"]
[Site "SchemingMind.com"]
[Date "2020.11.02"]
[Round "-"]
[White "Uzi Mike"]
[Black "abuteague"]
[Result "1-0"]
[WhiteCountry "USA"]
[BlackCountry "USA"]
[WhiteElo "2366"]
[WhiteRD "75"]
[BlackElo "1629"]
[BlackRD "82"]
[GameID "461509"]

1. e4 d6 2. d4 Nf6 3. Nc3 c6 4. f4 Qa5 5. e5 Ne4 6. Bd2 Nxd2 7. Qxd2 dxe5 8. fxe5 e6 9. Nf3 Be7 10. Bd3 O-O
11. O-O Nd7 12. Nd5 Qxd2 13. Nxe7+ Kh8 14. Nxd2
1-0

[Event "Muppets on tour 2nd practice"]
[Site "SchemingMind.com"]
[Date "2020.10.30"]
[Round "-"]
[White "abuteague"]
[Black "Uzi Mike"]
[Result "0-1"]
[WhiteCountry "USA"]
[BlackCountry "USA"]
[WhiteElo "1629"]
[WhiteRD "82"]
[BlackElo "2366"]
[BlackRD "75"]
[GameID "461510"]

1. d4 Nf6 2. Bg5 Ne4 3. Bf4 c5 4. f3 Qa5+ 5. c3 Nf6 6. d5 Qb6 7. Bc1 e6 8. e4 d6 9. dxe6 Bxe6 10. Bd3 c4
11. Bc2 Nc6 12. Nd2 O-O-O 13. Ne2 d5 14. a4 dxe4 15. fxe4 Ng4 16. Nd4 Nxd4 17. cxd4 Qxd4 18. Qe2 Bb4 19. h3 Ne3 20. g4 Nxc2+
21. Kf1 Nxa1
0-1

[Event "Muppets on tour 2nd practice"]
[Site "SchemingMind.com"]
[Date "2020.10.29"]
[Round "-"]
[White "abuteague"]
[Black "Robert Bruce"]
[Result "0-1"]
[WhiteCountry "USA"]
[BlackCountry "SCO"]
[WhiteElo "1619"]
[WhiteRD "81"]
[BlackElo "2447"]
[BlackRD "76"]
[GameID "461511"]

1. d4 Nf6 2. Bg5 Ne4 3. Bf4 d5 4. e3 c5 5. Bd3 cxd4 6. exd4 Nc6 7. c3 Bf5 8. Ne2 e6 9. Ng3 g5 10. Be3 Bg7
11. Nxf5 exf5 12. Nd2 f4 13. Bxe4 fxe3 14. Bf3 exd2+ 15. Qxd2 Bf6 16. O-O-O Kf8 17. g3 b5 18. h4 h5 19. Kb1 g4 20. Be2 b4
21. Bb5 Rc8 22. Bxc6 Rxc6 23. cxb4 Qb6 24. b3 Kg7 25. Rhe1 Rhc8 26. Rf1 Qc7 27. f4 Rc2 28. Qd3 Rc3 29. Qf5 Rxg3 30. Rd2 Rc3
31. Rdd1 Qe7 32. Qxh5 Qe4+ 33. Ka1 Rc1+ 34. Kb2 Qe2+
0-1

[Event "Muppets on tour 2nd practice"]
[Site "SchemingMind.com"]
[Date "2020.11.02"]
[Round "-"]
[White "Robert Bruce"]
[Black "abuteague"]
[Result "1-0"]
[WhiteCountry "SCO"]
[BlackCountry "USA"]
[WhiteElo "2447"]
[WhiteRD "76"]
[BlackElo "1619"]
[BlackRD "81"]
[GameID "461512"]

1. f4 d5 2. Nf3 g6 3. e3 Bg7 4. Be2 Nh6 5. O-O O-O 6. d4 c5 7. dxc5 Nc6 8. c3 e5 9. e4 dxe4 10. Qxd8 Rxd8
11. Ng5 exf4 12. Nxe4 Nf5 13. Bxf4 Be6 14. Na3 a6 15. Bc4 Bxc4 16. Nxc4 Re8 17. Rae1 Rad8 18. g4 Nfe7 19. Ned6 Rf8 20. Nb6 h6
21. Nxb7 Rd3 22. Bd6 Re8 23. Nc4 Bf8 24. Ne5 Nxe5 25. Rxe5 f6 26. Rxf6 Bg7 27. Rxe7 Rxe7 28. Bxe7 Rd7 29. Bd6 Bxf6 30. c6 Rxd6
31. Nxd6 Bd8 32. Kg2 Kf8 33. Nb7 Bc7 34. b4
1-0